In search of the primitive A critique of civilization
Tallennettuna:
| Päätekijä: | |
|---|---|
| Aineistotyyppi: | Kirja |
| Kieli: | Undetermined |
| Julkaistu: |
New Brunswick
Transaction
1993
|
| Aiheet: | |
| Tagit: |
Lisää tagi
Ei tageja, Lisää ensimmäinen tagi!
|
| Thư viện lưu trữ: | Trung tâm Học liệu Trường Đại học Cần Thơ |
|---|
| LEADER | 00522nam a2200193Ia 4500 | ||
|---|---|---|---|
| 001 | CTU_18454 | ||
| 008 | 210402s9999 xx 000 0 und d | ||
| 082 | |a 301 | ||
| 082 | |b D537 | ||
| 100 | |a Stanley Diamond | ||
| 245 | 0 | |a In search of the primitive | |
| 245 | 2 | |b A critique of civilization | |
| 245 | 0 | |c Stanley Diamond | |
| 260 | |a New Brunswick | ||
| 260 | |b Transaction | ||
| 260 | |c 1993 | ||
| 650 | |a anthropology,sociology | ||
| 904 | |i Minh, 970913 | ||
| 980 | |a Trung tâm Học liệu Trường Đại học Cần Thơ | ||